| 000 | 01394nam a2200277 i 4500 | ||
|---|---|---|---|
| 003 | SA-RiAUC | ||
| 005 | 20241225080032.0 | ||
| 008 | 241215s2002 su g 000r0 ara c | ||
| 040 |
_aSA-RiKSU _bara _cSA-RiAUC _erda |
||
| 082 | 0 | 4 | _a258.2 |
| 090 |
_a258.2 _bن ا ب |
||
| 100 | 1 |
_aالنابغة الغلاوي، محمد النابغة بن عبد الرحمان بن أعمر، _dتوفي 1245 هجري _eمؤلف. |
|
| 245 | 1 | 0 |
_aمن نصوص الفقه المالكي : _bبوطليحية : وهو نظم في المعتمد من الكتب والفتوى على مذهب المالكية / _cمحمد النابغة بن عمر الغلاوي ؛ تحقيق ودراسة يحيى بن البراء. |
| 246 | 3 | 0 | _aوهو نظم في المعتمد من الكتب والفتوى على مذهب المالكية |
| 250 | _aالطبعة الأولى. | ||
| 264 | 1 |
_aمكة المكرمة : _aبيروت : _bالمكتبة المكية ؛ _bمؤسسة الريان، _c2002 |
|
| 300 |
_a195 صفحة ؛ _c24 سم |
||
| 336 |
_aنص _btxt _2rdacontent _3كتاب |
||
| 337 |
_aبدون وسيط _bn _2rdamedia |
||
| 338 |
_aمجلد _bnc _2rdacarrier |
||
| 650 | 7 |
_aالفقه المالكي _2aucsh |
|
| 650 | 7 |
_aالفقه الإسلامي _xمذاهب _2aucsh |
|
| 700 | 1 |
_aبن البراء، يحيى _eمحقق. |
|
| 942 |
_2ddc _cBOOK _n0 |
||
| 949 |
_aSA-JeALM _d241215 _umohamedma123 _n1 |
||
| 999 |
_c3943 _d3943 |
||